000 00606nam a2200229Ia 4500
003 OSt
005 20221007070918.0
006 a|||||r|||| 00| 0
007 ta
008 221006b |||||||| |||| 00| 0 eng d
024 _a18,339
037 _cTextual
040 _aFLL
_cFLL
_beng
041 _2eng
_aeng
082 _aZ, J4
100 _aHasanat Abul Au.
_9684893
245 0 _aJustice and peace for all
260 _aKarachi
_bPakistan Co- Operative book society Pakistan
_c1954
300 _a407p
_ccm.
942 _hZ, J4
_cTEXL
_2CC
999 _c1141854
_d1141854